000 00870nam a2200253 a 4500
001 24695
003 CO-ViMGA
005 20230915232013.0
008 141112s2004 ck r 000 u spa d
020 _a8436808738
035 _aAGS5436 LA
040 _aCO-ViMGA
_bspa
_cCO-ViMGA
041 _aspa
082 0 4 _a362.29 M12d
100 1 _aMaciá Antón, Diego.
_936824
245 1 0 _aLas drogas :
_bconocer y educar para prevenir /
_cDiego Maciá Antón.
260 _aMadrid :
_bEdiciones Pirámide,
_c1996.
300 _a181 p. ; 20 cm.
490 _aColección ojos solares
504 _aIncluye bibliografía.
650 1 4 _aDrogadicción - Prevención.
_950198
942 _2ddc
_cBK
999 _c32501
_d32501